000 00597nam a22002177a 4500
003 UA-OsUOA
001 36497
007 ta
008 20060928b un ||||| |||| 00| 0 ukr d
090 _a050
942 _cNP
040 _aUA-OsUOA
_beng
_cUA-OsUOA
_dUA-OsUOA
245 _aHuri News.
955 _a1
041 _aeng
080 _a050
260 _c2006
310 _a2006:spring
650 7 _a050 Серійні публікації. Періодика галузі, Організація та інші типи поєднання (співробітництва)
_2UDC
999 _c435026
_d435026